| 000 -LEADER |
| fixed length control field |
01276nam a22001577a 4500 |
| 008 - FIXED-LENGTH DATA ELEMENTS--GENERAL INFORMATION |
| fixed length control field |
221214b ||||| |||| 00| 0 eng d |
| 100 ## - MAIN ENTRY--PERSONAL NAME |
| Personal name |
Dash, Satya Prakash |
| 245 ## - TITLE STATEMENT |
| Title |
Poverty elimination in china by 2020: Bringing a transformation |
| 260 ## - PUBLICATION, DISTRIBUTION, ETC. (IMPRINT) |
| Place of publication, distribution, etc |
Indian Journal of Public Administration |
| 300 ## - PHYSICAL DESCRIPTION |
| Extent |
68(4), Dec, 2022: p.572-584 |
| 520 ## - SUMMARY, ETC. |
| Summary, etc |
Poverty is a challenge in the development and growth of a nation and hence a social and economic phenomenon. Elimination of poverty is a primary goal, and policies towards this are framed, but its success rate generally falls below the targeted goals. China is probably the only country that has eliminated ‘absolute poverty’ in 2020, by specifically implementing a targeted policy for elimination of poverty. The policy adopted by China may be replicated by other countries for similar positive results. The article analyses the specific policies for poverty elimination in China, giving some actual results from the field. It also makes a historical exploration of the poverty policies by China. – Reproduced |
| 650 ## - SUBJECT ADDED ENTRY--TOPICAL TERM |
| Topical term or geographic name as entry element |
Poverty elimination, Rural poverty, Urban poverty, Development, Targeted policy. |
| 9 (RLIN) |
34318 |
| 773 ## - HOST ITEM ENTRY |
| Main entry heading |
Indian Journal of Public Administration |
| 906 ## - LOCAL DATA ELEMENT F, LDF (RLIN) |
| Subject DIP |
POVERTY |
| 942 ## - ADDED ENTRY ELEMENTS (KOHA) |
| Item type |
Articles |